书目信息 |
| 题名: |
二级建造师执业资格考试模拟试卷
|
|
| 作者: | 贾宏俊 主编 | |
| 分册: | ||
| 出版信息: | 天津 天津大学出版社 2005.05 |
|
| 页数: | 174页 | |
| 开本: | 26cm | |
| 丛书名: | ||
| 单 册: | ||
| 中图分类: | TU-44 | |
| 科图分类: | ||
| 主题词: | 建筑学 | |
| 电子资源: | ||
| ISBN: | 7-5618-2140-9 | |
| 000 | 00691nam0 2200217 450 | |
| 001 | 0760365622 | |
| 005 | 20071222164713.48 | |
| 010 | @a7-5618-2140-9@dCNY24.60 | |
| 100 | @a20071222d2005 km y0chiy0120 ea | |
| 101 | 0 | @achi |
| 102 | @aCN@b120000 | |
| 200 | 1 | @a二级建造师执业资格考试模拟试卷@Aer ji jian zao shi zhi ye zi ge kao shi mo ni shi juan@f贾宏俊主编@Fjia hong jun zhu bian |
| 210 | @a天津@c天津大学出版社@d2005.05 | |
| 215 | @a174页@d26cm | |
| 300 | @a全国二级建造师执业资格考试指导用书 | |
| 606 | 0 | @a建筑学 |
| 690 | @aTU-44@v4 | |
| 701 | 0 | @a贾宏俊@Ajia hong jun@4主编 |
| 801 | 0 | @aCN@b大连网信软件有限公司图书馆@c20071222 |
| 905 | @aBZT@dTU-44@e2 | |
| 906 | @dCNY24.60@n0@r1 | |
| 二级建造师执业资格考试模拟试卷/贾宏俊主编.-天津:天津大学出版社,2005.05 |
| 174页;26cm |
| 全国二级建造师执业资格考试指导用书 |
| ISBN 7-5618-2140-9:CNY24.60 |
| ● |
| 相关链接 |
|
|
|
正题名:二级建造师执业资格考试模拟试卷
索取号:TU-44/2
 
预约/预借
| 序号 | 登录号 | 条形码 | 馆藏地/架位号 | 状态 | 备注 |
| 1 | 608960 | 2000608960 | 中心书库中库/ 中库023架B面4列7层22/ [索取号:TU-44/2] | 在馆 | |
| 2 | 608961 | 2000608961 | 中心书库中库/ 中库023架B面4列7层23/ [索取号:TU-44/2] | 在馆 | |
| 3 | 608962 | 2000608962 | 中心书库中库/ 中库023架B面4列7层21/ [索取号:TU-44/2] | 在馆 | |
| 4 | 608963 | 2000608963 | 中心书库中库/ 中库023架B面4列7层20/ [索取号:TU-44/2] | 在馆 | |
| 5 | 608964 | 2000608964 | 中心书库中库/ 中库023架B面4列7层13/ [索取号:TU-44/2] | 在馆 |